LEADER 00891nam0-22002891i-450- 001 990002016530403321 005 20050722124836.0 035 $a000201653 035 $aFED01000201653 035 $a(Aleph)000201653FED01 035 $a000201653 100 $a20030910d1911----km-y0itay50------ba 101 0 $ager 200 1 $aTermitenleben auf Ceylon$eneue Studien zur Soziologie der Tiere zugleich ein Kapitel kolonialer Forstentomologie$fK. Escherich 210 $aJena$cGustav Fischer$d1911 215 $aXXXII, 262 p., 3 tav.$d23 cm 320 $aLiteraturverzeichnis : p. [253]-255 610 0 $aIsotteri$aTermiti 676 $a595.736 700 1$aEscherich,$bKarl$085434 801 0$aIT$bUNINA$gRICA$2UNIMARC 901 $aBK 912 $a990002016530403321 952 $a61 IV E.2/02$b1303$fDAGEN 959 $aDAGEN 996 $aTermitenleben auf Ceylon$9405689 997 $aUNINA LEADER 02185oam 2200565 450 001 9910706963503321 005 20180411104458.0 035 $a(CKB)5470000002459842 035 $a(OCoLC)896810580 035 $a(OCoLC)995470000002459842 035 $a(EXLCZ)995470000002459842 100 $a20141123d1978 ua 0 101 0 $aeng 135 $aurmn||||||||| 181 $ctxt$2rdacontent 182 $cc$2rdamedia 183 $acr$2rdacarrier 200 10$aGeology and geochemistry of the west ore body and associated skarns, Copper Canyon porphyry copper deposit, Lander County, Nevada /$fby Ted G. Theodore and David W. Blake; with a section on Electron microbe analyses of andradite and diopside by Norman G. Banks 210 1$aWashington :$cUnited States Department of the Interior, Geological Survey,$d1978. 215 $a1 online resource (v, C85 pages) $cillustrations, maps +$e1 plate 225 1 $aGeological Survey professional paper ;$v798-C 225 1 $aGeochemistry of the porphyry copper environment in the Battle Mountain Mining District, Nevada 300 $aTitle from title screen (viewed October 6, 2014). 320 $aIncludes bibliographical references (pages C82-C85) 606 $aCopper ores$zNevada$zBattle Mountain Mining District 606 $aCopper ores$zNevada$zCopper Canyon (Lander County) 606 $aGeology$zNevada$zCopper Canyon (Lander County) 606 $aGeochemistry 606 $aGeochemistry$2fast 606 $aGeology$2fast 607 $aNevada$zLander County$2fast 615 0$aCopper ores 615 0$aCopper ores 615 0$aGeology 615 0$aGeochemistry. 615 7$aGeochemistry. 615 7$aGeology. 700 $aTheodore$b Ted G.$01393591 702 $aBanks$b Norman G. 702 $aBlake$b David W. 712 02$aGeological Survey (U.S.), 801 0$bCOP 801 1$bCOP 801 2$bOCLCO 801 2$bOCLCF 801 2$bGPO 906 $aBOOK 912 $a9910706963503321 996 $aGeology and geochemistry of the west ore body and associated skarns, Copper Canyon porphyry copper deposit, Lander County, Nevada$93532296 997 $aUNINA